Los Temporales de la Maresma
Colección:
San Jorge,
; núm. 4 (octubre 1951), pàg 44
Idioma:
Español
MARC
| LEADER | 00000naa a2200000 a 4500 | ||
|---|---|---|---|
| 003 | Arxiu | ||
| 005 | 20260324181041.0 | ||
| 008 | 160829s1951 spc xx s spa c | ||
| 040 | |a agdb | ||
| 245 | 0 | 4 | |a Los Temporales de la Maresma |
| 490 | |a San Jorge, |v núm. 4 (octubre 1951), pàg 44 | ||
| 650 | 0 | |a Inundacions |9 31399 |z Maresme (Barcelona) | |
| 650 | 0 | |a Visites oficials |9 54039 |z Barcelona (Província) | |
| 773 | |t San Jorge. |g Núm. 4 (octubre 1951), pàg 44 | ||
| 901 | |a Arxiu | ||
| 942 | |n 1 |2 udc |c ART | ||
| 952 | |0 0 |1 0 |4 0 |6 REV508 |7 1 |9 64589 |a Arxiu |b Arxiu |d 2022-12-01 |l 0 |o Rev-508 |r 2022-12-01 00:00:00 |w 2022-12-01 |y ARXIU |z També disponible a Rev-521 | ||
| 999 | |c 49062 |d 49062 | ||